[Event "Rhein Main op-B 18th"]
[Site "Bad Homburg"]
[Date "2015.06.06"]
[Round "6"]
[White "Brunner, Andreas"]
[Black "Schiffel, Nora"]
[Result "1-0"]
[WhiteElo "1356"]
[BlackElo "1434"]
[PlyCount "59"]
[EventDate "2015.06.03"]
[EventType "swiss"]
[EventRounds "7"]
[EventCountry "GER"]
[SourceTitle "CBM 167 Extra"]
[Source "ChessBase"]
[SourceDate "2015.09.14"]
[SourceVersion "1"]
[SourceVersionDate "2015.09.14"]
[SourceQuality "1"]

1. e4 e6 2. d4 d5 3. exd5 exd5 4. Nf3 Nf6 5. Bd3 Be7 6. 0-0 0-0 7. c3 c5 8. b3 Nc6 9. Bg5 cxd4 10. cxd4 Bg4 11. Be2 h6 12. Be3 Re8 13. a3 Bf8 14. b4 a6 15. Nc3 Qc7 16. Rc1 Qb8 17. Qb3 Bd7 18. Rfe1 Ne7 19. Bd3 Bf5 20. Bxf5 Nxf5 21. Nxd5 Nxd5 22. Qxd5 Nxe3 23. Rxe3 Rxe3 24. fxe3 b6 25. Ne5 Qa7 26. Nxf7 Qxf7 27. Qxa8 Qb3 28. Qe8 Qf7 29. Qxf7+ Kxf7 30. Rc6 1-0

[Event "Rhein Main op-B 18th"]
[Site "Bad Homburg"]
[Date "2015.06.06"]
[Round "5"]
[White "Schiffel, Nora"]
[Black "Schmid, Herbert"]
[Result "0-1"]
[WhiteElo "1434"]
[BlackElo "1721"]
[PlyCount "88"]
[EventDate "2015.06.03"]
[EventType "swiss"]
[EventRounds "7"]
[EventCountry "GER"]
[SourceTitle "CBM 167 Extra"]
[Source "ChessBase"]
[SourceDate "2015.09.14"]
[SourceVersion "1"]
[SourceVersionDate "2015.09.14"]
[SourceQuality "1"]

1. c4 c5 2. g3 Nf6 3. Bg2 Nc6 4. Nc3 e6 5. Nf3 Be7 6. 0-0 0-0 7. d4 cxd4 8. Nxd4 Bc5 9. Nxc6 bxc6 10. e3 Ba6 11. b3 Qe7 12. h3 Rad8 13. Qc2 d5 14. Rd1 Qc7 15. Na4 Be7 16. Bb2 Rd7 17. Rd2 Bb7 18. Rad1 Bb4 19. Bc3 Bxc3 20. Qxc3 Re7 21. Qb2 Qa5 22. Qc3 Qc7 23. Qb2 Nd7 24. Rc2 Qb8 25. e4 Nf6 26. f3 Qxg3 27. Nc5 Bc8 28. e5 Nh5 29. Nd3 f6 30. Rf1 Qg5 31. f4 Qg6 32. Rd2 Ng3 33. Rf3 Nf5 34. Kh2 Rb7 35. Qc3 Qh5 36. Nc5 Rbf7 37. cxd5 cxd5 38. Rff2 Qh4 39. Rf3 Rc7 40. b4 Rcf7 41. Rff2 Qh6 42. Bf3 Qxf4+ 43. Kh1 Qg3 44. Rh2 Qe1+ 0-1